000 01175nam0a2200325 i 4500
001 RU\NLR\BIBL_A\011529493
005 20260419063453.0
010 _a9785040892723
_93000
021 _aRU
_b2017-80853
_95771
035 _a(RuMoRGB)009432143
035 _a(NLR Aleph) 011529493
090 _a12138096
_c12138096
100 _a20171117d2017 u y0rusy50 ca
101 0 _arus
102 _aRU
105 _ay|||z|||000ay
200 1 _aДетонатор
_fАлександр Тамоников
210 _aМосква
_cЭксмо
_d2017
215 _a317, [1] с.
_d17
225 1 _aТамоников. Лучшие романы о войне
300 _aНа 4-й с. обл. авт.: Александр Тамоников, лауреат междунар. и всерос. лит. премий
333 _a16+
686 _aШ5(2=Р)64-644.6
_2rubbk
686 2 _aШ6(2=Р)8-446
700 1 _7ca
_8rus
_aТамоников
_bА. А.
_f1959-2021
_gАлександр Александрович
_957647
_3RU\NLR\AUTH\7774719
942 _cBOOK
980 _aNBR